Pitbull Charting Songs (Billboard Hot Dance) - Statistics

General Stats
  • This quiz has been taken 57 times
    11 since last reset
  • The average score is 5 of 21
Answer Stats
Album Weeks On Peak Artist(s) Song % Correct
Love? 3 Weeks #4 Jennifer Lopez ft. Pitbull On the Floor
90%
Global Warming 36 Weeks #1 (2 Weeks) Pitbull ft. Christina Aguilera Feel This Moment
80%
Versus 2 Weeks #5 Usher ft. Pitbull DJ Got Us Fallin' In Love
70%
Non-Album Single 26 Weeks #14 Deorro ft. Pitbull & Elvis Crespo Bailar
40%
Non-Album Single 8 Weeks #23 Bon Jovi & Pitbull Now or Never
40%
Non-Album Single 8 Weeks #27 Pitbull FREE.K
30%
Non-Album Single 27 Weeks #7 Pitbull ft. Anthony Watts & DJWS I Feel Good
30%
Non-Album Single 16 Weeks #11 Jennifer Lopez ft. Pitbull Live It Up
30%
Non-Album Single 5 Weeks #36 Pitbull, Ne-Yo & Afrojack ft. DJ Buddha 2 the Moon
10%
Ultra Dance 14 7 Weeks #12 Team Pitbull ft. David Rush & Pitbull All Night
10%
Non-Album Single 9 Weeks #29 IAmChino x Pitbull Discoteca
10%
Non-Album Single 15 Weeks #16 Priyanka Chopra ft. Pitbull Exotic
10%
Sex and Love 20 Weeks #12 Enrique Iglesias ft. Pitbull I'm a Freak
10%
Non-Album Single 1 Week #39 Pitbull, AYYBO & Ero808 Right or Wrong (Hypnosis)
10%
Non-Album Single 20 Weeks #14 Arianna ft. Pitbull Sexy People (The Fiat Song)
10%
Non-Album Single 7 Weeks #20 Loud Luxury ft. brando, Pitbull & Nicky Jam Body On My
0%
Trackhouse 20 Weeks #23 Pitbull Cafe Con Leche
0%
Climate Change 2 Weeks #17 Pitbull ft. Steven A. Clark & Ape Drums Can't Have
0%
Trackhouse 6 Weeks #44 Pitbull & Nile Rodgers Freak 54 (Freak Out)
0%
Non-Album Single 1 Week #35 Qwote ft. Mr Worldwide (Pitbull) Letting Go (Cry Just a Little)
0%
Non-Album Single 6 Weeks #29 Dougie F ft. Pitbull & 40 Cobras On Purpose
0%
No matching quizzes found
Score Distribution
Percent of People with Each Score
Percentile by Number Answered
Your Score History
You have not taken this quiz since the last reset